| 000 | 00704nam a22001937a 4500 | ||
|---|---|---|---|
| 999 |
_c9486 _d9486 |
||
| 003 | AR-CdUCM | ||
| 008 | 190328b ||||| |||| 00| 0 spa d | ||
| 040 |
_aMUNICIPALIDAD PROVINCIAL DEL CUSCO _cBIBLIOTECA MUNICIPAL DEL CUSCO |
||
| 082 |
_a335.41 / _bS46 / 1947 |
||
| 100 |
_aSelsam, Howard _9694 |
||
| 245 | _a¿Qué es la filosofía? / | ||
| 260 |
_aBuenos Aires : _bHabana, _c1947. |
||
| 300 |
_a189 paginas ; _c20 cm. |
||
| 505 | _aContenido :¿Filosofía para quién? --Materialismo e idealismo --Permanencia y cambio --El significado de la ciencia --La historia y la libertad / | ||
| 650 |
_aFilosofía _9395 |
||
| 650 |
_aMaterialismo dialéctico _96846 |
||
| 942 |
_2ddc _cLIBROS |
||
| 945 | _arjall | ||